Space Empire Flags - Statistics

General Stats
  • This quiz has been taken 137 times
    124 since last reset
  • The average score is 12 of 16
Answer Stats
Picture Answer % Correct
Japan
96%
South Korea
96%
China
94%
Bhutan
93%
United Kingdom
93%
France
90%
Philippines
89%
Hong Kong
84%
Angola
82%
Ukraine
66%
Ireland
63%
Macau
58%
Mongolia
57%
Netherlands
51%
Rome
48%
Serbia
30%
No matching quizzes found
Score Distribution
Percent of People with Each Score
Percentile by Number Answered
Your Score History
You have not taken this quiz since the last reset